| 000 | 00671nam a2200229Ia 4500 | ||
|---|---|---|---|
| 003 | OSt | ||
| 005 | 20220606102459.0 | ||
| 008 | 210716s1993 xx 000 0 und d | ||
| 020 | _a0471940461 | ||
| 040 | _cAIMIT LIBRARY | ||
| 041 | _aeng | ||
| 082 |
_a658.3112 _22 _bCOOM |
||
| 100 |
_aCook, Mark. _940496 |
||
| 245 |
_aPersonnel selection and productivity / _cBy Mark Cook. |
||
| 250 | _a2nd ed. | ||
| 260 |
_aNew York : _bJohn Wiley and Sons, _c1993. |
||
| 300 |
_ax, 306p. ; _c22 cm. |
||
| 650 |
_aThe value of good employees _940497 |
||
| 650 |
_aReferences and ratings _940498 |
||
| 650 |
_aTests of personality _940499 |
||
| 942 |
_2ddc _cBK _e2nd _k658.3112 COOM |
||
| 999 |
_c198329 _d198329 |
||